[Event "WCO 2016"]
[Site "?"]
[Date "2016.09.11"]
[Round "9"]
[Board "31"]
[WhiteID "4700597"]
[White "Shabanaj Alda"]
[BlackID "4305337"]
[Black "Braganza Nadia"]
[Result "1-0"]
[BlackElo "1392"]
[WhiteElo "1881"]
[LiveChessVersion "1.4.8"]

1. d4 {[%clk 1:30:58]} Nf6 {[%clk 1:30:45]} 2. c4 {[%clk 1:31:13]} g6
{[%clk 1:30:57]} 3. Nc3 {[%clk 1:31:32]} Bg7 {[%clk 1:30:59]} 4. e4
{[%clk 1:31:50]} d6 {[%clk 1:30:56]} 5. f4 {[%clk 1:32:03]} c5 {[%clk 1:30:28]}
6. d5 {[%clk 1:31:52]} e6 {[%clk 1:30:07]} 7. Nf3 {[%clk 1:31:42]} exd5
{[%clk 1:29:28]} 8. cxd5 {[%clk 1:31:57]} O-O {[%clk 1:28:16]} 9. Bd3
{[%clk 1:32:17]} Re8 {[%clk 1:18:11]} 10. O-O {[%clk 1:32:04]} Qb6
{[%clk 1:15:15]} 11. Kh1 {[%clk 1:30:10]} c4 {[%clk 0:47:41]} 12. Bc2
{[%clk 1:19:35]} Ng4 {[%clk 0:20:24]} 13. Qe2 {[%clk 1:18:50]} Bf5
{[%clk 0:20:29]} 14. h3 {[%clk 1:19:04]} Bxc3 {[%clk 0:20:08]} 15. bxc3
{[%clk 1:18:55]} Nf6 {[%clk 0:20:02]} 16. Be3 {[%clk 1:13:24]} Qc7
{[%clk 0:17:52]} 17. exf5 {[%clk 1:12:01]} Nxd5 {[%clk 0:18:07]} 18. fxg6
{[%clk 1:11:55]} fxg6 {[%clk 0:18:00]} 19. Ng5 {[%clk 1:11:00]} Rxe3
{[%clk 0:17:16]} 20. Qd2 {[%clk 1:09:05]} Qc5 {[%clk 0:06:04]} 21. Ne4
{[%clk 1:09:10]} Qc6 {[%clk 0:06:10]} 22. Qxd5+ {[%clk 1:09:14]} Qxd5
{[%clk 0:06:06]} 23. Nf6+ {[%clk 1:09:41]} Kf7 {[%clk 0:06:13]} 24. Nxd5
{[%clk 1:10:06]} Re2 {[%clk 0:05:29]} 25. Bd1 {[%clk 1:10:29]} Rd2
{[%clk 0:05:14]} 26. Nc7 {[%clk 1:10:54]} Na6 {[%clk 0:05:14]} 27. Nxa8
{[%clk 1:11:16]} d5 {[%clk 0:05:23]} 28. Bf3 {[%clk 1:10:50]} d4 {[%clk 0:05:00]}
29. cxd4 {[%clk 1:10:49]} Rxd4 {[%clk 0:05:10]} 30. Bxb7 {[%clk 1:11:08]} Nc5
{[%clk 0:05:34]} 31. Bf3 {[%clk 1:11:21]} Na6 {[%clk 0:05:52]} 32. Rad1
{[%clk 1:11:20]} Rxd1 {[%clk 0:05:53]} 33. Rxd1 {[%clk 1:11:43]} c3
{[%clk 0:06:20]} 34. Rc1 {[%clk 1:12:03]} Nb4 {[%clk 0:06:33]} 35. Rxc3
{[%clk 1:12:24]} Nxa2 {[%clk 0:06:58]} 36. Bd5+ {[%clk 1:12:40]} Kf6
{[%clk 0:07:11]} 37. Bxa2 {[%clk 1:13:03]} Kf5 {[%clk 0:07:33]} 38. g3
{[%clk 1:13:13]} Kf6 {[%clk 0:07:29]} 39. Rc7 {[%clk 1:13:26]} a5
{[%clk 0:07:25]} 40. Rf7# {[%clk 1:43:47]} 1-0

[Event "WCO 2016"]
[Site "?"]
[Date "2016.09.11"]
[Round "9"]
[Board "32"]
[WhiteID "4305469"]
[White "Lourenco Eva"]
[BlackID "4701100"]
[Black "Tuzi Bruna"]
[Result "0-1"]
[BlackElo "1807"]
[WhiteElo "1276"]
[LiveChessVersion "1.4.8"]

1. d4 {[%clk 1:30:54]} d5 {[%clk 1:30:56]} 2. Bf4 {[%clk 1:31:04]} e6
{[%clk 1:31:22]} 3. e3 {[%clk 1:31:01]} Bd6 {[%clk 1:31:44]} 4. Bg3
{[%clk 1:29:47]} Nf6 {[%clk 1:32:01]} 5. Nf3 {[%clk 1:27:49]} Nbd7
{[%clk 1:32:23]} 6. Be2 {[%clk 1:25:03]} Nf8 {[%clk 1:32:30]} 7. Nbd2
{[%clk 1:23:56]} Ng6 {[%clk 1:32:51]} 8. Ne5 {[%clk 1:20:48]} Bxe5
{[%clk 1:33:08]} 9. dxe5 {[%clk 1:20:23]} Nd7 {[%clk 1:33:33]} 10. f4
{[%clk 1:14:44]} c5 {[%clk 1:33:32]} 11. c3 {[%clk 1:12:30]} c4 {[%clk 1:33:26]}
12. Nf3 {[%clk 1:00:16]} Qb6 {[%clk 1:33:19]} 13. Qd2 {[%clk 0:57:43]} Nc5
{[%clk 1:32:01]} 14. Nd4 {[%clk 0:48:01]} Bd7 {[%clk 1:29:45]} 15. O-O
{[%clk 0:43:21]} Ne7 {[%clk 1:22:22]} 16. Qc1 {[%clk 0:38:26]} O-O
{[%clk 1:21:27]} 17. Rb1 {[%clk 0:34:38]} Qa6 {[%clk 1:14:36]} 18. a3
{[%clk 0:29:34]} Qb6 {[%clk 1:12:44]} 19. Kh1 {[%clk 0:21:38]} Be8
{[%clk 1:11:05]} 20. Bf3 {[%clk 0:15:59]} Rd8 {[%clk 1:10:05]} 21. Rg1
{[%clk 0:12:09]} f6 {[%clk 1:08:50]} 22. Bg4 {[%clk 0:07:51]} Bg6
{[%clk 1:08:23]} 23. Ra1 {[%clk 0:07:17]} fxe5 {[%clk 1:07:36]} 24. fxe5
{[%clk 0:06:37]} Nf5 {[%clk 1:07:46]} 25. Bxf5 {[%clk 0:06:40]} Bxf5
{[%clk 1:07:38]} 26. Ra2 {[%clk 0:05:18]} Rd7 {[%clk 1:04:22]} 27. Nxf5
{[%clk 0:04:05]} Rxf5 {[%clk 1:04:44]} 28. Bf4 {[%clk 0:03:39]} Nd3
{[%clk 1:03:28]} 29. Qd2 {[%clk 0:02:47]} Qb3 {[%clk 1:03:46]} 30. Raa1
{[%clk 0:02:14]} Qxb2 {[%clk 1:03:57]} 31. Rad1 {[%clk 0:00:51]} Nf2+
{[%clk 1:04:17]} 32. Qxf2 {[%clk 0:01:02]} Qxf2 {[%clk 1:04:42]} 33. g4
{[%clk 0:01:19]} Qf3+ {[%clk 1:05:05]} 34. Rg2 {[%clk 0:01:27]} Qxd1+
{[%clk 1:05:25]} 35. Rg1 {[%clk 0:01:33]} Qf3+ {[%clk 1:05:47]} 36. Rg2
{[%clk 0:01:54]} Rxf4 {[%clk 1:05:58]} 37. exf4 {[%clk 0:02:11]} d4
{[%clk 1:06:18]} 38. h3 {[%clk 0:02:08]} d3 {[%clk 1:06:31]} 39. f5
{[%clk 0:02:20]} d2 {[%clk 1:06:54]} 40. fxe6 {[%clk 0:31:53]} d1=Q+
{[%clk 1:36:44]} 41. Kh2 {[%clk 0:32:22]} Qf4+ {[%clk 1:37:10]} 42. Rg3
{[%clk 0:32:21]} Rd2# {[%clk 1:37:30]} 0-1

[Event "WCO 2016"]
[Site "?"]
[Date "2016.09.11"]
[Round "9"]
[Board "29"]
[WhiteID "3900517"]
[White "Montilla Reyes Jorcerys"]
[BlackID "6403557"]
[Black "Diaz Cesar Wilsaida Pieranlly"]
[Result "1-0"]
[BlackElo "1889"]
[WhiteElo "2194"]
[LiveChessVersion "1.4.8"]

1. d4 {[%clk 1:30:56]} Nf6 {[%clk 1:30:49]} 2. c4 {[%clk 1:31:20]} e5
{[%clk 1:30:57]} 3. dxe5 {[%clk 1:31:37]} Ng4 {[%clk 1:31:18]} 4. Nf3
{[%clk 1:32:03]} Bc5 {[%clk 1:31:34]} 5. e3 {[%clk 1:32:27]} Nc6 {[%clk 1:31:55]}
6. a3 {[%clk 1:29:34]} a5 {[%clk 1:31:53]} 7. b3 {[%clk 1:29:47]} Ngxe5
{[%clk 1:32:03]} 8. Bb2 {[%clk 1:30:11]} Qe7 {[%clk 1:32:07]} 9. Be2
{[%clk 1:30:27]} d6 {[%clk 1:31:36]} 10. Nc3 {[%clk 1:30:29]} Nxf3+
{[%clk 1:29:20]} 11. Bxf3 {[%clk 1:30:48]} Ne5 {[%clk 1:29:43]} 12. Nd5
{[%clk 1:31:09]} Qd8 {[%clk 1:29:20]} 13. b4 {[%clk 1:23:42]} Ba7
{[%clk 1:27:42]} 14. Be2 {[%clk 1:17:04]} O-O {[%clk 1:26:42]} 15. O-O
{[%clk 1:14:07]} c6 {[%clk 1:22:39]} 16. Nf4 {[%clk 1:14:14]} Bf5
{[%clk 1:20:34]} 17. Nh5 {[%clk 1:12:04]} f6 {[%clk 1:17:20]} 18. Kh1
{[%clk 1:07:26]} Be6 {[%clk 1:15:27]} 19. Rc1 {[%clk 1:05:34]} Qe7
{[%clk 1:14:05]} 20. f4 {[%clk 1:01:32]} Nd7 {[%clk 1:13:05]} 21. e4
{[%clk 1:00:18]} Bf7 {[%clk 1:09:03]} 22. Ng3 {[%clk 0:59:37]} Bb8
{[%clk 1:05:18]} 23. Bd3 {[%clk 0:59:35]} axb4 {[%clk 1:04:31]} 24. Nf5
{[%clk 0:59:49]} Qd8 {[%clk 1:02:59]} 25. axb4 {[%clk 0:58:18]} Kh8
{[%clk 0:58:46]} 26. Qg4 {[%clk 0:51:36]} Rg8 {[%clk 0:58:13]} 27. Qh4
{[%clk 0:51:29]} Bg6 {[%clk 0:53:09]} 28. Rf3 {[%clk 0:49:16]} Bxf5
{[%clk 0:51:12]} 29. exf5 {[%clk 0:49:38]} Re8 {[%clk 0:49:38]} 30. Rh3
{[%clk 0:49:40]} Nf8 {[%clk 0:49:55]} 31. g4 {[%clk 0:49:32]} d5 {[%clk 0:47:08]}
32. g5 {[%clk 0:48:44]} fxg5 {[%clk 0:45:22]} 33. fxg5 {[%clk 0:43:37]} Be5
{[%clk 0:45:36]} 34. Bxe5 {[%clk 0:42:55]} Rxe5 {[%clk 0:45:57]} 35. f6
{[%clk 0:43:14]} g6 {[%clk 0:44:58]} 36. Qd4 {[%clk 0:41:44]} Qd6
{[%clk 0:41:09]} 37. c5 {[%clk 0:41:02]} Qe6 {[%clk 0:41:09]} 38. f7
{[%clk 0:40:40]} Kg7 {[%clk 0:39:24]} 39. Re3 {[%clk 0:40:20]} Nd7
{[%clk 0:38:59]} 40. Rce1 {[%clk 1:10:26]} Kxf7 {[%clk 1:07:03]} 41. Rxe5
{[%clk 1:10:50]} Nxe5 {[%clk 1:07:27]} 42. Rxe5 {[%clk 1:11:17]} Qh3
{[%clk 1:07:02]} 43. Qf4+ {[%clk 1:08:30]} Kg8 {[%clk 1:07:14]} 44. Bf1
{[%clk 1:08:39]} Qc3 {[%clk 1:04:01]} 45. Re3 {[%clk 1:05:32]} Qa1
{[%clk 1:02:47]} 46. Rf3 {[%clk 1:05:18]} Qg7 {[%clk 1:02:34]} 47. Bh3
{[%clk 1:05:31]} Rd8 {[%clk 0:59:53]} 48. Be6+ {[%clk 1:05:17]} Kh8
{[%clk 0:59:51]} 49. Qf6 {[%clk 1:04:22]} Qxf6 {[%clk 1:00:11]} 50. gxf6
{[%clk 1:04:47]} d4 {[%clk 0:58:42]} 51. Bc4 {[%clk 1:04:41]} g5 {[%clk 0:57:54]}
52. Kg2 {[%clk 1:04:55]} h6 {[%clk 0:58:13]} 53. Kf2 {[%clk 1:05:09]} Kh7
{[%clk 0:58:07]} 54. Ke2 {[%clk 1:05:22]} Kg6 {[%clk 0:58:05]} 55. f7
{[%clk 1:05:12]} Kg7 {[%clk 0:58:27]} 56. Kd3 {[%clk 1:05:38]} Rf8
{[%clk 0:56:50]} 57. Kxd4 {[%clk 1:05:58]} h5 {[%clk 0:56:19]} 58. Ke5
{[%clk 1:06:10]} g4 {[%clk 0:56:01]} 59. Rf5 {[%clk 1:06:07]} Rh8
{[%clk 0:56:13]} 60. Rg5+ {[%clk 1:06:14]} 1-0

[Event "WCO 2016"]
[Site "?"]
[Date "2016.09.11"]
[Round "9"]
[Board "30"]
[WhiteID "6400574"]
[White "Munoz Santana Doribel"]
[BlackID "3903001"]
[Black "Varela La Madrid Tilsia Carolina"]
[Result "1-0"]
[BlackElo "2035"]
[WhiteElo "1899"]
[LiveChessVersion "1.4.8"]

1. d4 {[%clk 1:30:57]} d5 {[%clk 1:30:50]} 2. Nf3 {[%clk 1:31:22]} Nf6
{[%clk 1:31:04]} 3. g3 {[%clk 1:31:47]} Bf5 {[%clk 1:30:06]} 4. Bg2
{[%clk 1:32:07]} c6 {[%clk 1:30:28]} 5. O-O {[%clk 1:32:26]} e6 {[%clk 1:30:10]}
6. c4 {[%clk 1:32:50]} Nbd7 {[%clk 1:30:30]} 7. Nc3 {[%clk 1:33:13]} Bd6
{[%clk 1:29:33]} 8. Nh4 {[%clk 1:30:36]} Bg6 {[%clk 1:29:03]} 9. Nxg6
{[%clk 1:26:13]} hxg6 {[%clk 1:29:25]} 10. e4 {[%clk 1:24:33]} Nxe4
{[%clk 1:27:17]} 11. Nxe4 {[%clk 1:24:44]} dxe4 {[%clk 1:27:36]} 12. Bxe4
{[%clk 1:24:27]} Qf6 {[%clk 1:27:05]} 13. d5 {[%clk 1:20:24]} cxd5
{[%clk 1:23:37]} 14. cxd5 {[%clk 1:19:33]} Nc5 {[%clk 1:22:31]} 15. dxe6
{[%clk 1:15:12]} O-O-O {[%clk 1:15:49]} 16. Qc2 {[%clk 1:14:03]} Qxe6
{[%clk 1:13:46]} 17. Bg2 {[%clk 1:12:27]} Kb8 {[%clk 1:12:23]} 18. Be3
{[%clk 1:07:37]} Qf5 {[%clk 1:09:41]} 19. Qc4 {[%clk 1:03:15]} Rc8
{[%clk 1:03:54]} 20. Qb5 {[%clk 1:02:19]} Rc7 {[%clk 1:02:15]} 21. Rad1
{[%clk 0:59:01]} Be7 {[%clk 1:01:06]} 22. Rd5 {[%clk 0:51:16]} Qc8
{[%clk 0:58:43]} 23. Bf4 {[%clk 0:49:28]} Ne6 {[%clk 0:59:00]} 24. Be3
{[%clk 0:42:38]} Bc5 {[%clk 0:52:24]} 25. Bxc5 {[%clk 0:39:34]} Nxc5
{[%clk 0:52:38]} 26. Rfd1 {[%clk 0:36:33]} Re8 {[%clk 0:41:31]} 27. b4
{[%clk 0:34:36]} Ne6 {[%clk 0:40:00]} 28. Qd3 {[%clk 0:28:52]} Rc3
{[%clk 0:36:55]} 29. Qe4 {[%clk 0:21:40]} Nc7 {[%clk 0:34:47]} 30. Re5
{[%clk 0:21:36]} Ne6 {[%clk 0:31:05]} 31. Rb5 {[%clk 0:20:43]} Re7
{[%clk 0:26:19]} 32. Qe5+ {[%clk 0:19:05]} Ka8 {[%clk 0:26:21]} 33. Qd6
{[%clk 0:16:02]} Rec7 {[%clk 0:21:48]} 34. h3 {[%clk 0:13:32]} Rc1
{[%clk 0:19:00]} 35. Rxc1 {[%clk 0:13:45]} Rxc1+ {[%clk 0:19:23]} 36. Kh2
{[%clk 0:14:12]} Rc7 {[%clk 0:18:34]} 37. a4 {[%clk 0:13:36]} Qd8
{[%clk 0:17:32]} 38. Qe5 {[%clk 0:11:10]} Qd4 {[%clk 0:15:08]} 39. Qe2
{[%clk 0:09:23]} Kb8 {[%clk 0:12:46]} 40. Qf3 {[%clk 0:38:51]} Qd7
{[%clk 0:42:51]} 41. Qe4 {[%clk 0:36:16]} g5 {[%clk 0:37:20]} 42. Qe5
{[%clk 0:35:47]} Kc8 {[%clk 0:35:44]} 43. Qe3 {[%clk 0:32:22]} Kb8
{[%clk 0:28:30]} 44. Ra5 {[%clk 0:29:25]} a6 {[%clk 0:27:56]} 45. Qb6
{[%clk 0:28:37]} Qd4 {[%clk 0:27:36]} 46. Rxa6 {[%clk 0:26:57]} Qxb6
{[%clk 0:27:28]} 47. Rxb6 {[%clk 0:27:22]} Ka7 {[%clk 0:27:22]} 48. Rb5
{[%clk 0:27:08]} f6 {[%clk 0:25:10]} 49. Ra5+ {[%clk 0:26:41]} Kb8
{[%clk 0:25:34]} 50. Rd5 {[%clk 0:25:50]} Rc4 {[%clk 0:22:51]} 51. Rd6
{[%clk 0:25:47]} Nf8 {[%clk 0:21:29]} 52. Rd8+ {[%clk 0:24:44]} Rc8
{[%clk 0:21:50]} 53. Rxc8+ {[%clk 0:24:51]} Kxc8 {[%clk 0:22:13]} 54. a5
{[%clk 0:23:46]} Kc7 {[%clk 0:22:28]} 55. b5 {[%clk 0:24:06]} Nd7
{[%clk 0:22:12]} 56. a6 {[%clk 0:23:55]} bxa6 {[%clk 0:21:09]} 57. bxa6
{[%clk 0:24:23]} Kb6 {[%clk 0:21:30]} 58. Bf1 {[%clk 0:24:42]} Nc5
{[%clk 0:19:07]} 59. Kg2 {[%clk 0:24:57]} Ne4 {[%clk 0:18:49]} 60. f3
{[%clk 0:23:26]} Nd2 {[%clk 0:18:46]} 61. Be2 {[%clk 0:23:49]} Nb3
{[%clk 0:19:07]} 62. Kf2 {[%clk 0:24:02]} Nd4 {[%clk 0:18:59]} 63. Bd3
{[%clk 0:24:12]} Nc6 {[%clk 0:18:22]} 64. Ke3 {[%clk 0:24:07]} Kc5
{[%clk 0:16:39]} 65. Ke4 {[%clk 0:22:48]} g6 {[%clk 0:14:54]} 66. g4
{[%clk 0:22:24]} Na7 {[%clk 0:13:14]} 67. Ke3 {[%clk 0:21:58]} Kb6
{[%clk 0:13:30]} 68. Ke4 {[%clk 0:19:47]} Nc6 {[%clk 0:13:44]} 69. Be2
{[%clk 0:17:49]} Kc5 {[%clk 0:13:12]} 70. Bf1 {[%clk 0:17:34]} Na7
{[%clk 0:13:32]} 71. f4 {[%clk 0:17:37]} gxf4 {[%clk 0:13:14]} 72. Kxf4
{[%clk 0:18:00]} Kd4 {[%clk 0:11:27]} 73. h4 {[%clk 0:17:39]} 1-0

[Event "WCO 2016"]
[Site "?"]
[Date "2016.09.11"]
[Round "9"]
[Board "31"]
[WhiteID "3900630"]
[White "Ubaldo Suarez Maria Gisela"]
[BlackID "6401074"]
[Black "Jose Polanco Kenia"]
[Result "1-0"]
[BlackElo "1923"]
[WhiteElo "2062"]
[LiveChessVersion "1.4.8"]

1. d4 {[%clk 1:30:46]} f5 {[%clk 1:30:54]} 2. c4 {[%clk 1:31:00]} Nf6
{[%clk 1:31:13]} 3. Nc3 {[%clk 1:31:23]} g6 {[%clk 1:31:29]} 4. Nf3
{[%clk 1:30:43]} Bg7 {[%clk 1:31:25]} 5. e3 {[%clk 1:30:46]} d6 {[%clk 1:31:20]}
6. Bd3 {[%clk 1:31:05]} Nc6 {[%clk 1:29:12]} 7. d5 {[%clk 1:22:40]} Ne5
{[%clk 1:29:21]} 8. Nxe5 {[%clk 1:22:17]} dxe5 {[%clk 1:29:48]} 9. e4
{[%clk 1:22:41]} f4 {[%clk 1:28:43]} 10. b3 {[%clk 1:20:28]} O-O {[%clk 1:24:33]}
11. Bb2 {[%clk 1:20:11]} Nd7 {[%clk 1:21:09]} 12. Be2 {[%clk 1:18:00]} h5
{[%clk 1:16:47]} 13. Qc2 {[%clk 1:12:49]} a5 {[%clk 1:13:22]} 14. a3
{[%clk 1:10:31]} Nf6 {[%clk 1:05:16]} 15. h4 {[%clk 1:03:46]} c6 {[%clk 0:54:16]}
16. O-O-O {[%clk 0:54:17]} Qc7 {[%clk 0:50:28]} 17. Kb1 {[%clk 0:54:05]} Bd7
{[%clk 0:47:38]} 18. f3 {[%clk 0:51:39]} Kh7 {[%clk 0:41:55]} 19. Rhg1
{[%clk 0:49:32]} cxd5 {[%clk 0:34:37]} 20. cxd5 {[%clk 0:46:28]} Rac8
{[%clk 0:31:21]} 21. Ka2 {[%clk 0:43:57]} b5 {[%clk 0:29:24]} 22. Qd3
{[%clk 0:43:46]} b4 {[%clk 0:27:51]} 23. Nb5 {[%clk 0:39:07]} Bxb5
{[%clk 0:22:47]} 24. Qxb5 {[%clk 0:39:30]} Rb8 {[%clk 0:21:33]} 25. Qc6
{[%clk 0:39:03]} Qd6 {[%clk 0:20:09]} 26. Rc1 {[%clk 0:28:34]} Rb6
{[%clk 0:15:11]} 27. Qxd6 {[%clk 0:26:00]} exd6 {[%clk 0:15:37]} 28. Rc6
{[%clk 0:24:31]} Rfb8 {[%clk 0:15:24]} 29. Rxb6 {[%clk 0:24:34]} Rxb6
{[%clk 0:15:52]} 30. Rc1 {[%clk 0:24:59]} Nd7 {[%clk 0:07:49]} 31. Rc6
{[%clk 0:24:49]} g5 {[%clk 0:07:02]} 32. hxg5 {[%clk 0:24:45]} Kg6
{[%clk 0:07:32]} 33. Bc1 {[%clk 0:24:02]} h4 {[%clk 0:04:40]} 34. Bd2
{[%clk 0:23:07]} Bf8 {[%clk 0:04:03]} 35. Rxb6 {[%clk 0:21:37]} Nxb6
{[%clk 0:04:32]} 36. axb4 {[%clk 0:21:57]} axb4 {[%clk 0:04:59]} 37. Bxb4
{[%clk 0:22:20]} Kxg5 {[%clk 0:05:24]} 38. Ba5 {[%clk 0:22:29]} Nd7
{[%clk 0:04:18]} 39. Bd8+ {[%clk 0:22:41]} Kh5 {[%clk 0:02:59]} 40. b4
{[%clk 0:52:46]} 1-0

[Event "WCO 2016"]
[Site "?"]
[Date "2016.09.11"]
[Round "9"]
[Board "32"]
[WhiteID "6406505"]
[White "Almanzar Vasquez Jennifer Maria"]
[BlackID "3902781"]
[Black "Patino Garcia Corals"]
[Result "0-1"]
[BlackElo "1994"]
[WhiteElo "1768"]
[LiveChessVersion "1.4.8"]

1. d4 {[%clk 1:30:58]} d5 {[%clk 1:30:56]} 2. c4 {[%clk 1:31:23]} c6
{[%clk 1:31:23]} 3. cxd5 {[%clk 1:31:41]} cxd5 {[%clk 1:31:48]} 4. Nf3
{[%clk 1:32:06]} Nf6 {[%clk 1:32:11]} 5. Nc3 {[%clk 1:32:32]} Nc6
{[%clk 1:32:33]} 6. Bf4 {[%clk 1:32:56]} e6 {[%clk 1:32:43]} 7. e3
{[%clk 1:33:06]} a6 {[%clk 1:33:08]} 8. Bd3 {[%clk 1:33:05]} Be7 {[%clk 1:31:57]}
9. h3 {[%clk 1:33:18]} O-O {[%clk 1:30:35]} 10. O-O {[%clk 1:33:41]} b5
{[%clk 1:26:56]} 11. Qe2 {[%clk 1:30:46]} Bb7 {[%clk 1:26:08]} 12. Rfc1
{[%clk 1:27:12]} Rc8 {[%clk 1:24:10]} 13. a4 {[%clk 1:26:36]} b4 {[%clk 1:22:03]}
14. Nb1 {[%clk 1:27:00]} Nxd4 {[%clk 1:20:17]} 15. Nxd4 {[%clk 1:25:32]} Rxc1+
{[%clk 1:19:56]} 16. Kh2 {[%clk 1:25:54]} Bd6 {[%clk 1:16:21]} 17. Bxd6
{[%clk 1:25:53]} Qxd6+ {[%clk 1:16:43]} 18. g3 {[%clk 1:26:22]} Rfc8
{[%clk 1:15:38]} 19. a5 {[%clk 1:24:40]} Ne4 {[%clk 1:14:03]} 20. Nb3
{[%clk 1:22:07]} R1c7 {[%clk 1:12:42]} 21. N1d2 {[%clk 1:21:21]} Nxd2
{[%clk 1:12:34]} 22. Qxd2 {[%clk 1:21:50]} d4 {[%clk 1:12:06]} 23. Nxd4
{[%clk 1:21:08]} Qd5 {[%clk 1:10:53]} 24. f3 {[%clk 1:21:06]} e5 {[%clk 1:09:52]}
25. Be4 {[%clk 1:21:23]} Qd8 {[%clk 1:02:49]} 26. Bxb7 {[%clk 1:19:29]} Rxb7
{[%clk 1:01:11]} 27. Nb3 {[%clk 1:19:38]} Qxd2+ {[%clk 1:01:29]} 28. Nxd2
{[%clk 1:20:07]} Rc2 {[%clk 1:01:48]} 0-1

[Event "WCO 2016"]
[Site "?"]
[Date "2016.09.11"]
[Round "9"]
[Board "1"]
[WhiteID "5501148"]
[White "Marzouk Amira"]
[BlackID "405094"]
[Black "Houska Jovanka"]
[Result "0-1"]
[BlackElo "2386"]
[WhiteElo "1724"]
[LiveChessVersion "1.4.8"]

1. e4 {[%clk 1:30:55]} c6 {[%clk 1:30:50]} 2. Nc3 {[%clk 1:31:15]} d5
{[%clk 1:30:57]} 3. Nf3 {[%clk 1:31:37]} Bg4 {[%clk 1:29:12]} 4. h3
{[%clk 1:30:33]} Bxf3 {[%clk 1:29:38]} 5. Qxf3 {[%clk 1:30:56]} Nf6
{[%clk 1:30:05]} 6. d3 {[%clk 1:30:06]} e6 {[%clk 1:30:31]} 7. Bd2
{[%clk 1:29:10]} Qb6 {[%clk 1:30:46]} 8. g3 {[%clk 1:25:46]} Bb4 {[%clk 1:30:47]}
9. Rb1 {[%clk 1:23:36]} d4 {[%clk 1:31:04]} 10. Ne2 {[%clk 1:21:49]} Bxd2+
{[%clk 1:29:29]} 11. Kxd2 {[%clk 1:22:12]} Qa5+ {[%clk 1:12:55]} 12. c3
{[%clk 1:17:48]} Qxa2 {[%clk 1:11:35]} 13. Bg2 {[%clk 1:18:12]} dxc3+
{[%clk 1:11:53]} 14. Nxc3 {[%clk 1:18:29]} Qb3 {[%clk 1:08:48]} 15. Rhc1
{[%clk 1:10:55]} Nbd7 {[%clk 1:08:09]} 16. d4 {[%clk 1:06:00]} Qb4
{[%clk 1:06:08]} 17. Qd3 {[%clk 1:03:33]} Nc5 {[%clk 1:03:04]} 18. Qe3
{[%clk 0:55:43]} Nb3+ {[%clk 1:02:50]} 0-1

[Event "WCO 2016"]
[Site "?"]
[Date "2016.09.11"]
[Round "9"]
[Board "2"]
[WhiteID "12800619"]
[White "Ciuksyte Dagne"]
[BlackID "5501628"]
[Black "Baktach Nesrine"]
[Result "1-0"]
[BlackElo "1637"]
[WhiteElo "2323"]
[LiveChessVersion "1.4.8"]

1. d4 {[%clk 1:30:56]} Nf6 {[%clk 1:30:53]} 2. c4 {[%clk 1:31:16]} e6
{[%clk 1:31:18]} 3. Nf3 {[%clk 1:31:37]} Bb4+ {[%clk 1:31:35]} 4. Nc3
{[%clk 1:28:59]} Bxc3+ {[%clk 1:31:57]} 5. bxc3 {[%clk 1:29:25]} Na6
{[%clk 1:30:40]} 6. Bg5 {[%clk 1:25:57]} h6 {[%clk 1:29:42]} 7. Bh4
{[%clk 1:26:04]} c5 {[%clk 1:29:49]} 8. d5 {[%clk 1:17:13]} d6 {[%clk 1:28:42]}
9. dxe6 {[%clk 1:09:53]} Bxe6 {[%clk 1:28:56]} 10. e3 {[%clk 1:08:25]} g5
{[%clk 1:25:57]} 11. Bg3 {[%clk 1:01:10]} Ne4 {[%clk 1:26:02]} 12. Bd3
{[%clk 0:50:19]} Nxg3 {[%clk 1:25:25]} 13. hxg3 {[%clk 0:47:45]} Nc7
{[%clk 1:22:19]} 14. Rb1 {[%clk 0:45:04]} Bc8 {[%clk 1:16:45]} 15. Be4
{[%clk 0:41:47]} Qf6 {[%clk 1:12:51]} 16. O-O {[%clk 0:39:58]} Kf8
{[%clk 1:08:58]} 17. Bxb7 {[%clk 0:39:45]} Bxb7 {[%clk 1:09:02]} 18. Rxb7
{[%clk 0:40:10]} Ne8 {[%clk 1:09:17]} 19. Qd5 {[%clk 0:39:41]} Rd8
{[%clk 1:08:01]} 20. Rd1 {[%clk 0:36:06]} Ng7 {[%clk 1:04:47]} 21. Ne5
{[%clk 0:35:59]} 1-0